000 01041nam0a22002531 4500
001 rc\1083268
005 20260407101313.0
035 _a(NLR Aleph) 006331330
090 _a7548373
_c7548373
100 _a20041126d1984 |||y0rusy50 ca
101 0 _arus
102 _aRU
105 _aa |||||||||
200 1 _aИзменения метаболизма у животных при гипокинезии
_eСб. науч. тр.
_fЯросл. гос. мед. ин-т, Яросл. отд-ние Всесоюз. биохим. о-ва АН СССР
_g[Под ред. Федорова И.В. и др.]
210 _aЯрославль
_cЯМИ
_d1984
215 _a103 с.
_cил.
_d22
320 _aБиблиогр.: с. 89-97 (270 назв.)
702 1 _aФедоров
_bИ.В.
_gИлья Владимирович
_4340
712 0 2 _aЯрославский медицинский институт
_3RU\NLR\AUTH\889928676
_9352927
801 0 _aRU
_bNLR
_gpsbo
801 1 _aRU
_bELAR
_2rusmarc
852 _aNLR
_j85-5/2792
942 _cBOOK
980 _aNB